Central Library OPAC University of Rajshahi

Socialism and American life / (Record no. 28094)

MARC details
000 -LEADER
fixed length control field 00725nam a22002411a 4500
001 - CONTROL NUMBER
control field 28094
003 - CONTROL NUMBER IDENTIFIER
rucl marc code BD-RjUL
005 - DATE AND TIME OF LATEST TRANSACTION
control field 20211209051234.0
008 - FIXED-LENGTH DATA ELEMENTS--GENERAL INFORMATION
fixed length control field 140329s1952 nju 1 0 eng d
035 ## - SYSTEM CONTROL NUMBER
System control number (BD-RjUL)28175
040 ## - CATALOGING SOURCE
Original cataloging agency NUN
Language of cataloging eng
Transcribing agency NUN
Modifying agency BD-RjUL
041 ## - LANGUAGE CODE
Language code of text/sound track or separate title eng
082 04 - DEWEY DECIMAL CLASSIFICATION NUMBER
Classification number 335
Author mark and year SOC V-1 1952
245 10 - TITLE STATEMENT
Title Socialism and American life /
Statement of responsibility, etc. ed. by D.D.Egbert and S.Persons.
Number of part/section of a work Volume 1
260 ## - PUBLICATION, DISTRIBUTION, ETC. (IMPRINT)
Place of publication, distribution, etc. Princeton, N.J. :
Name of publisher, distributor, etc. Princeton U.P.,
Date of publication, distribution, etc. c1952.
300 ## - PHYSICAL DESCRIPTION
Pagination xiv, 776 p. :
Illustrations ill. ;
Size 24 cm.
504 ## - BIBLIOGRAPHY, ETC. NOTE
Bibliography, etc Includes index.
650 #0 - SUBJECT ADDED ENTRY--TOPICAL TERM
Topical term or geographic name as entry element Socialism
Geographic subdivision United States.
9 (RLIN) 14132
Topical term or geographic name as entry element Socialism
General subdivision History.
9 (RLIN) 10723
700 1# - ADDED ENTRY--PERSONAL NAME
Personal name Egbert, Donald Drew.
Personal name Persons, Stow.
942 ## - ADDED ENTRY ELEMENTS (KOHA)
Source of classification or shelving scheme Dewey Decimal Classification
Koha item type Books
Holdings
Lost status Source of classification or shelving scheme Damaged status Not for loan Collection code Permanent Location Current Location Shelving location Date acquired Source of acquisition Cost, normal purchase price Total Checkouts Full call number Date last seen Copy number Koha item type
  Dewey Decimal Classification   Added to bundle Non-fiction Central Library, University of Rajshahi Central Library, University of Rajshahi Reading Room 21/06/1955 O. U. P. 78.12   335 SOC V-1 1952 29/03/2014 C-1 Books